Έλληνες ζωγράφοι στην Εθνική Πινακοθήκη : (μία επιλογή)

Αποθηκεύτηκε σε:
Λεπτομέρειες βιβλιογραφικής εγγραφής
Κύριος συγγραφέας: Καλλιγάς, Μαρίνος, 1906-1985
Μορφή: Βιβλίο
Γλώσσα:Greek
Δημοσίευση: Αθήνα; Γιάννινα : Δωδώνη, 1984
Θέματα:
Ετικέτες: Προσθήκη ετικέτας
Δεν υπάρχουν, Καταχωρήστε ετικέτα πρώτοι!

MARC

LEADER 00000cam a2200000 i 4500
001 1/89990
008 051124s1984 gre d
035 |l 10081464 
040 |a GR-MY-UA  |b gre  |e aacr 
041 0 |a gre 
082 0 |a 759.9495  |2 (22) 
100 1 |a Καλλιγάς, Μαρίνος,   |d 1906-1985. 
245 1 0 |a Έλληνες ζωγράφοι στην Εθνική Πινακοθήκη :  |b (μία επιλογή) /  |c Μαρίνου Γ. Καλλιγά 
260 |a Αθήνα; Γιάννινα :   |b Δωδώνη,   |c 1984 
300 |a 209 σ.;  |b εικ.;  |c 29 εκ. 
650 0 0 |a Painting, Greek  |x History. 
650 0 0 |a Painters  |z Greece. 
852 |a INST  |b RHODES  |c KRI  |e 20051124  |h  759.9495 ΚΑΛ  |p 005400030474  |q 005400030474  |t BK  |y 0 
901 |a BIBL4-2005-3 
909 |a Ρ  |b 122577 
970 |a ΚΟΖΑ  |b ΜΑΡΙΑ  |z 2005/11/24